AZ Alkmaar selection 25/26 - Statistics

General Stats
  • This quiz has been taken 23 times
    19 since last reset
  • The average score is 24 of 29
Answer Stats
Position Name Previous Club % Correct
Defender Alexandre Penetra Famalicao
100%
Defender Denso Kasius Bologna
100%
Goalkeeper Jeroen Zoet Spezia
100%
Defender Mees de Wit PEC Zwolle
100%
Goalkeeper Rome-Jayden Owusu-Oduro Own Youth
100%
Attacker Troy Parrott Tottenham Hotspur
100%
Attacker Weslley Patati Maccabi Tel Aviv
100%
Defender Wouter Goes Own Youth
100%
Attacker Ibrahim Sadiq BK Häcken
93%
Midfielder Jordy Clasie Southampton
93%
Midfielder Kees Smit Own Youth
93%
Midfielder Sven Mijnans Sparta Rotterdam
93%
Defender Billy van Duijl Own Youth
86%
Attacker Isak Jensen Viborg
86%
Attacker Jizz Hornkamp Heracles Almelo
86%
Attacker Mexx Meerdink Own Youth
86%
Defender Seiya Maikuma Cerezo Osaka
86%
Attacker Ayoub Oufkir Sparta Rotterdam
79%
Goalkeeper Hobie Verhulst Go Ahead Eagles
79%
Defender Mateo Chavez Chivas Guadalajara
79%
Midfielder Peer Koopmeiners Own Youth
79%
Attacker Ro-Zangelo Daal Own Youth
79%
Midfielder Matej Sin Banik Ostrava
71%
Defender Elijah Dijkstra Own Youth
64%
Attacker Lequincio Zeefuik Volendam
64%
Defender Maxim Dekker Own Youth
64%
Midfielder Dave Kwakman Own Youth
50%
Defender Andrea Natali Bayer Leverkusen
43%
Goalkeeper Daniel Deen Own Youth
36%
No matching quizzes found
Score Distribution
Percent of People with Each Score
Percentile by Number Answered
Your Score History
You have not taken this quiz since the last reset